[Event "16th Dubai Open 2014"]
[Site "Dubai UAE"]
[Date "2014.04.12"]
[Round "5.22"]
[White "Abhishek, Kelkar"]
[Black "Stojanovic, Mihajlo"]
[Result "1/2-1/2"]
[WhiteElo "2300"]
[BlackElo "2568"]
[PlyCount "116"]
[EventDate "2014.04.07"]

1. d4 Nf6 2. c4 e6 3. Nc3 Bb4 4. f3 d5 5. a3 Be7 6. e4 dxe4 7. fxe4 e5 8. d5
O-O 9. Nf3 Bg4 10. Be3 Nfd7 11. Be2 a5 12. O-O Na6 13. Nd2 Bc5 14. Bxc5 Bxe2
15. Qxe2 Ndxc5 16. b3 Qe7 17. Nd1 Nd7 18. Ne3 g6 19. Kh1 Nac5 20. Nc2 b6 21. b4
Nb7 22. Nb3 Ra7 23. g3 Rfa8 24. Qd3 axb4 25. axb4 Rxa1 26. Rxa1 Rxa1+ 27. Nbxa1
Nd6 28. Nb3 f5 29. exf5 e4 30. Qe2 Nxf5 31. Nbd4 Nxd4 32. Nxd4 Qxb4 33. Qxe4
Qxc4 34. Qe6+ Kf8 35. Ne2 Qb5 36. h4 Qb1+ 37. Kg2 Qb2 38. Kh3 Qg7 39. Nf4 Qe7
40. Qc6 Nc5 41. Ne6+ Nxe6 42. dxe6 b5 43. g4 Qa3+ 44. Kg2 Qb2+ 45. Kh3 Qb3+ 46.
Kg2 Qd1 47. Qc5+ Kg8 48. Qe7 Qxg4+ 49. Kh2 Qf4+ 50. Kg2 Qd2+ 51. Kh3 Qd3+ 52.
Kg2 Qd5+ 53. Kh3 Qf3+ 54. Kh2 Qf8 55. Qd7 Qf2+ 56. Kh3 Qf5+ 57. Kh2 Qf6 58. e7
Qf2+ 1/2-1/2

[Event "16th Dubai Open 2014"]
[Site "Dubai UAE"]
[Date "2014.04.12"]
[Round "5.24"]
[White "Debashis, Das"]
[Black "Prince, Bajaj"]
[Result "1-0"]
[WhiteElo "2504"]
[BlackElo "2319"]
[PlyCount "83"]
[EventDate "2014.04.07"]

1. Nf3 Nf6 2. c4 e6 3. Nc3 Bb4 4. Qc2 O-O 5. a3 Bxc3 6. Qxc3 b6 7. e3 Bb7 8.
Be2 d5 9. b3 Ne4 10. Qc2 Nd7 11. Bb2 c5 12. d3 Nd6 13. O-O Rc8 14. Rae1 Qe7 15.
Qc3 f6 16. Nd2 Rfe8 17. d4 e5 18. a4 Kh8 19. Bh5 g6 20. Be2 cxd4 21. exd4 e4
22. Ba3 Qe6 23. f3 e3 24. Bd3 f5 25. f4 Nf6 26. Bxd6 Qxd6 27. Nf3 dxc4 28. bxc4
Bxf3 29. Rxf3 Nd5 30. Qa1 Nxf4 31. c5 Qb8 32. Bc4 g5 33. Rfxe3 Rxe3 34. Rxe3
Qb7 35. d5+ Qg7 36. Qxg7+ Kxg7 37. c6 Kf6 38. g3 Ng6 39. Bb5 Ne5 40. d6 f4 41.
Rxe5 Kxe5 42. d7 1-0

[Event "16th Dubai Open 2014"]
[Site "Dubai UAE"]
[Date "2014.04.12"]
[Round "5.25"]
[White "Mohannad, Farhan"]
[Black "Demuth, Adrien"]
[Result "1/2-1/2"]
[WhiteElo "2313"]
[BlackElo "2482"]
[PlyCount "85"]
[EventDate "2014.04.07"]

1. d4 Nf6 2. c4 g6 3. Nc3 d5 4. cxd5 Nxd5 5. e3 Bg7 6. Qb3 Nxc3 7. bxc3 O-O 8.
Nf3 b6 9. Bd3 Bb7 10. Ba3 c5 11. Rd1 Qc7 12. h4 Nc6 13. h5 Na5 14. Qc2 cxd4 15.
hxg6 hxg6 16. Nxd4 Qe5 17. Rh3 Rac8 18. f4 Qc7 19. Bb4 Nc6 20. Qf2 Nxb4 21.
cxb4 Rfd8 22. f5 Qc3+ 23. Kf1 Rd6 24. Qh4 Qb2 25. Qf2 Qxf2+ 26. Kxf2 Bxd4 27.
exd4 gxf5 28. Rdh1 e6 29. Rg3+ Kf8 30. Rh4 Ke7 31. Rg7 Kf6 32. Rhh7 Rc7 33. Ke3
a6 34. g4 f4+ 35. Kxf4 Rxd4+ 36. Ke3 Rdd7 37. g5+ Ke5 38. g6 Rc3 39. Rh5+ Kf6
40. Rxf7+ Rxf7 41. gxf7 Rc8 42. Rh6+ Ke7 43. Rh2 1/2-1/2

[Event "16th Dubai Open 2014"]
[Site "Dubai UAE"]
[Date "2014.04.12"]
[Round "5.26"]
[White "Kjartansson, Gudmundur"]
[Black "Raes, Abdul Kader"]
[Result "0-1"]
[WhiteElo "2440"]
[BlackElo "2248"]
[PlyCount "240"]
[EventDate "2014.04.07"]

1. Nf3 Nf6 2. c4 e6 3. g3 b6 4. Bg2 Bb7 5. O-O Be7 6. d4 O-O 7. Re1 d6 8. Nc3
c5 9. d5 e5 10. e4 Ne8 11. Rf1 Nd7 12. Ne1 a6 13. a4 Bc8 14. Nd3 Bf6 15. Bd2
Nc7 16. Qc2 Re8 17. b4 Qe7 18. b5 Bb7 19. bxa6 Bxa6 20. Nb5 Rec8 21. Bh3 Ne8
22. Rab1 Rcb8 23. Rb2 Bc8 24. Rfb1 Rb7 25. Nc3 Rab8 26. Rb3 h5 27. R1b2 Ra8 28.
Qb1 Rba7 29. Ra2 Ra6 30. Rba3 g6 31. Nb5 Kh7 32. Nc1 Bg7 33. Nb3 Qf8 34. Qc2
Bf6 35. a5 bxa5 36. Nxa5 Bg7 37. Nc6 Rxa3 38. Rxa3 Rxa3 39. Nxa3 Nb6 40. Bxc8
Nxc8 41. Qb1 f5 42. Qb7 fxe4 43. Qxc8 Qf3 44. Nc2 Qd1+ 45. Kg2 Qxc2 46. Qxe8
Qxd2 47. Ne7 Qg5 48. Qg8+ Kh6 49. Qe6 Qg4 50. h3 Qf3+ 51. Kg1 Bf6 52. Ng8+ Kg7
53. Nxf6 Qxf6 54. Qd7+ Kh6 55. h4 e3 56. fxe3 Qf3 57. Qd8 Qxg3+ 58. Kh1 Qf3+
59. Kh2 Qf2+ 60. Kh1 Qf1+ 61. Kh2 Qf2+ 62. Kh1 Kg7 63. Qe7+ Qf7 64. Qxd6 Qf1+
65. Kh2 Qf2+ 66. Kh1 Qxh4+ 67. Kg2 Qg5+ 68. Kh2 Qxe3 69. Qe7+ Kh6 70. Qf6 Qe2+
71. Kg1 Qe1+ 72. Kg2 h4 73. d6 Qg3+ 74. Kf1 h3 75. Qh8+ Kg5 76. Qd8+ Kf4 77.
Ke2 Qe3+ 78. Kd1 Qd3+ 79. Ke1 h2 80. Qh4+ Kf5 81. d7 Qe4+ 82. Qxe4+ Kxe4 83.
d8=Q h1=Q+ 84. Kd2 Qg2+ 85. Kc3 Qf3+ 86. Kc2 Qe2+ 87. Kc3 Qe1+ 88. Kc2 Qf2+ 89.
Kb3 Qd4 90. Qh4+ Kf5 91. Qh3+ Kf4 92. Qh4+ Kf3 93. Qh3+ Kf2 94. Qh2+ Ke1 95.
Qg3+ Kd2 96. Qg2+ Kd3 97. Qg3+ Qe3 98. Qxg6+ Kd4+ 99. Ka4 Kxc4 100. Qe6+ Kd3
101. Qb3+ Ke2 102. Qc2+ Kf3 103. Qd1+ Kg3 104. Kb5 e4 105. Qd6+ Kf2 106. Qf6+
Ke1 107. Qa1+ Ke2 108. Qa2+ Qd2 109. Qe6 Qd4 110. Qa2+ Ke3 111. Qh2 Kd3 112.
Qh5 Kc3 113. Qh1 e3 114. Qc1+ Kd3 115. Qd1+ Kc3 116. Qc1+ Kb3 117. Qb1+ Qb2
118. Qe4 Qc3 119. Qb1+ Ka3 120. Qd1 Qb3+ 0-1

[Event "16th Dubai Open 2014"]
[Site "Dubai UAE"]
[Date "2014.04.12"]
[Round "5.27"]
[White "Igonin, Temur"]
[Black "Pourramezanali, Amirreza"]
[Result "0-1"]
[WhiteElo "2194"]
[BlackElo "2435"]
[PlyCount "98"]
[EventDate "2014.04.07"]

1. e4 e6 2. d4 d5 3. Nd2 Be7 4. Bd3 c5 5. dxc5 Nf6 6. exd5 Qxd5 7. Ngf3 Nbd7 8.
Nb3 Nxc5 9. Nxc5 Qxc5 10. O-O O-O 11. c4 b6 12. Qe2 Bb7 13. Ne5 Rad8 14. b3 Qd4
15. Bb2 Qh4 16. Qe3 Bc5 17. Qg3 Qxg3 18. hxg3 Ne4 19. Bxe4 Bxe4 20. Rad1 Bc2
21. Rc1 Be4 22. Rfd1 Be7 23. f3 Bb7 24. Nd3 f6 25. Bc3 Ba3 26. Rb1 Rd7 27. b4
Rfd8 28. Rb3 Ba6 29. c5 bxc5 30. Rxa3 cxb4 31. Rxa6 bxc3 32. Rxe6 Rxd3 33. Rxd3
Rxd3 34. Rc6 Rd1+ 35. Kh2 Rc1 36. Rc7 c2 37. g4 g5 38. g3 Kf8 39. a4 a5 40. Kg2
Ke8 41. f4 Kd8 42. Rc5 Kd7 43. f5 Kd6 44. Rc8 Kd5 45. Rc7 Kd4 46. Rc8 Kd3 47.
Rd8+ Kc3 48. Rc8+ Kb3 49. Rb8+ Kxa4 0-1

[Event "16th Dubai Open 2014"]
[Site "Dubai UAE"]
[Date "2014.04.12"]
[Round "5.28"]
[White "Ahmed, Fareed"]
[Black "Amin, Bassem"]
[Result "0-1"]
[WhiteElo "1767"]
[BlackElo "2637"]
[PlyCount "50"]
[EventDate "2014.04.07"]

1. e4 e5 2. Nf3 Nc6 3. Bb5 Nge7 4. Nc3 d6 5. d4 Bd7 6. Bg5 f6 7. Be3 a6 8. Be2
b5 9. Qd2 b4 10. Nd5 Nxd5 11. exd5 Ne7 12. dxe5 dxe5 13. Bc5 a5 14. c4 bxc3 15.
bxc3 Nf5 16. Bxf8 Rxf8 17. c4 Qe7 18. g4 Nh6 19. h3 f5 20. g5 Nf7 21. h4 f4 22.
O-O Kd8 23. Rae1 Bh3 24. Bd3 Qd7 25. Nxe5 Nxe5 0-1

[Event "16th Dubai Open 2014"]
[Site "Dubai UAE"]
[Date "2014.04.12"]
[Round "5.29"]
[White "Basil, Alshouha"]
[Black "Jumabayev, Rinat"]
[Result "0-1"]
[WhiteElo "2160"]
[BlackElo "2580"]
[PlyCount "48"]
[EventDate "2014.04.07"]

1. d4 Nf6 2. Nf3 g6 3. g3 c5 4. c3 Qc7 5. Bg2 Bg7 6. O-O O-O 7. Nbd2 d6 8. a4
Bf5 9. dxc5 Qxc5 10. Nd4 Bc8 11. N2b3 Qc7 12. Nb5 Qd8 13. Be3 Nc6 14. N3d4 Bd7
15. h3 Na5 16. b4 Nc4 17. Bxb7 Bxh3 18. Nc6 Qd7 19. Bxa8 Rxa8 20. Ncd4 a6 21.
Qd3 Ne5 22. Qd1 Qb7 23. Nf3 axb5 24. axb5 Rxa1 0-1

[Event "16th Dubai Open 2014"]
[Site "Dubai UAE"]
[Date "2014.04.12"]
[Round "5.30"]
[White "Derakhshani, Dorsa"]
[Black "Swapnil, S. Dhopade"]
[Result "1-0"]
[WhiteElo "2154"]
[BlackElo "2438"]
[PlyCount "49"]
[EventDate "2014.04.07"]

1. e4 c5 2. Nf3 d6 3. d4 cxd4 4. Nxd4 Nf6 5. Nc3 g6 6. f4 Nc6 7. Nf3 Bg4 8. h3
Bxf3 9. Qxf3 Bg7 10. Bd3 O-O 11. O-O Nd7 12. Be3 Nb4 13. Rad1 Rc8 14. f5 Nxd3
15. cxd3 Bxc3 16. bxc3 Rxc3 17. Bh6 Qb6+ 18. Kh1 Ne5 19. Qf4 Qd4 20. Bxf8 Kxf8
21. f6 h5 22. Qh6+ Ke8 23. Qh8+ Kd7 24. fxe7 Rc8 25. Qxc8+ 1-0

[Event "16th Dubai Open 2014"]
[Site "Dubai UAE"]
[Date "2014.04.12"]
[Round "5.31"]
[White "Pratyusha, Bodda"]
[Black "Kanter, Eduard"]
[Result "1/2-1/2"]
[WhiteElo "2149"]
[BlackElo "2406"]
[PlyCount "52"]
[EventDate "2014.04.07"]

1. e4 c5 2. Nf3 d6 3. d4 cxd4 4. Nxd4 Nf6 5. Nc3 g6 6. Be3 Bg7 7. f3 O-O 8. Qd2
Nc6 9. g4 Be6 10. Nxe6 fxe6 11. O-O-O Ne5 12. Be2 Qc8 13. h4 Nfd7 14. f4 Nc4
15. Bxc4 Qxc4 16. e5 Rad8 17. h5 dxe5 18. hxg6 hxg6 19. Qh2 exf4 20. Rd4 Qc7
21. Qh7+ Kf7 22. Rh6 fxe3 23. Qxg6+ Kg8 24. Qh7+ Kf7 25. Qg6+ Kg8 26. Qh7+ Kf7
1/2-1/2

[Event "16th Dubai Open 2014"]
[Site "Dubai UAE"]
[Date "2014.04.12"]
[Round "5.32"]
[White "Das, Sayantan"]
[Black "Fries, Frederik"]
[Result "1-0"]
[WhiteElo "2371"]
[BlackElo "2154"]
[PlyCount "91"]
[EventDate "2014.04.07"]

1. e4 d6 2. d4 Nf6 3. Nc3 e5 4. Nf3 Nbd7 5. Bc4 Be7 6. O-O O-O 7. Re1 c6 8. a4
a5 9. b3 h6 10. Ba3 Re8 11. h3 Qc7 12. Qd2 Nf8 13. d5 Ng6 14. Rad1 Rd8 15. Qe3
Nf4 16. Bf1 cxd5 17. exd5 Bf8 18. Kh2 Bf5 19. g3 Ng6 20. Rd2 Re8 21. Nb5 Qd8
22. Bg2 Ra6 23. c4 Qb8 24. Rdd1 b6 25. Nd2 Rd8 26. Ne4 Ne8 27. f4 exf4 28. gxf4
Bd7 29. Nd4 Nh4 30. Bh1 Nf5 31. Nxf5 Bxf5 32. Ng3 Bc8 33. Bb2 Ra7 34. Qd4 Nf6
35. Ne4 Nxe4 36. Bxe4 Qc7 37. Bc2 Qc5 38. Qd2 Qc7 39. Rg1 f5 40. Rde1 Kh7 41.
Bd4 Rb7 42. Rg3 Qb8 43. Qe2 Qc7 44. Qh5 Qd7 45. Qg6+ Kg8 46. Bf6 1-0

[Event "16th Dubai Open 2014"]
[Site "Dubai UAE"]
[Date "2014.04.12"]
[Round "5.33"]
[White "Nadir, Samir"]
[Black "Nezad, Husein Aziz"]
[Result "0-1"]
[WhiteElo "2133"]
[BlackElo "2366"]
[PlyCount "96"]
[EventDate "2014.04.07"]

1. d4 d5 2. c4 e6 3. Nc3 c6 4. cxd5 exd5 5. Nf3 Bf5 6. Qb3 Qb6 7. Qxb6 axb6 8.
Bf4 Nd7 9. h3 b5 10. g4 Bg6 11. Ne5 Nxe5 12. Bxe5 b4 13. Nb1 Bxb1 14. Rxb1 Rxa2
15. Kd2 Ne7 16. e4 f6 17. Bg3 g6 18. exd5 Nxd5 19. Bc4 Ra8 20. Bxd5 cxd5 21. g5
Bg7 22. Rbc1 O-O 23. Rc5 fxg5 24. Kd3 Rf3+ 25. Ke2 Rb3 26. Rxd5 Rxb2+ 27. Kd3
Rc8 28. Rd7 b5 29. Ra1 Rb3+ 30. Ke4 Ra3 31. Rb1 b3 32. Rb7 Re8+ 33. Be5 Bxe5
34. dxe5 Ra4+ 35. Kd5 b4 36. Rxb3 Ra5+ 37. Kd4 Raxe5 38. R3xb4 Rf5 39. Rb2 Rf4+
40. Kd5 Ref8 41. Ra2 Rxf2 42. Raa7 R8f7 43. Ke6 R2f6+ 44. Ke5 Rxb7 45. Rxb7 Rf7
46. Rb3 Kg7 47. Ke6 Rf4 48. Ke5 Kh6 0-1

[Event "16th Dubai Open 2014"]
[Site "Dubai UAE"]
[Date "2014.04.12"]
[Round "5.34"]
[White "Ekdyshman, Mikhail"]
[Black "Mona, Khaled"]
[Result "1-0"]
[WhiteElo "2365"]
[BlackElo "2140"]
[PlyCount "83"]
[EventDate "2014.04.07"]

1. e4 c6 2. d4 d5 3. exd5 cxd5 4. c4 Nf6 5. Nc3 Nc6 6. Nf3 e6 7. Bd3 dxc4 8.
Bxc4 Be7 9. O-O O-O 10. a3 b6 11. Re1 Bb7 12. Ba2 Rc8 13. Be3 Qd6 14. Qd3 Rfd8
15. Rad1 h6 16. Bb1 Qb8 17. Ne4 Nd5 18. Ng3 Bf6 19. Qh7+ Kf8 20. Nf5 Nce7 21.
Nxh6 gxh6 22. Bxh6+ Ke8 23. Bg5 Qd6 24. h4 Kd7 25. Ne5+ Bxe5 26. dxe5 Qc5 27.
b4 Qc6 28. Qxf7 Re8 29. Be4 Qc4 30. h5 Qc3 31. Re3 Qb2 32. Bg6 Kc7 33. Qxe6 Kb8
34. Bxe8 Nxe3 35. Bxe3 Rxe8 36. Bg5 Rf8 37. Rd2 Qb1+ 38. Kh2 Nf5 39. Qc4 Rh8
40. Rd8+ Rxd8 41. Bxd8 Bc8 42. Qc7+ 1-0

[Event "16th Dubai Open 2014"]
[Site "Dubai UAE"]
[Date "2014.04.12"]
[Round "5.35"]
[White "Nimmy, A.G."]
[Black "Krishna, C.R.G."]
[Result "1-0"]
[WhiteElo "2116"]
[BlackElo "2343"]
[PlyCount "95"]
[EventDate "2014.04.07"]

1. e4 e6 2. d4 d5 3. exd5 exd5 4. Bd3 Nc6 5. c3 Bd6 6. Nf3 Bg4 7. O-O Nge7 8.
Re1 Qd7 9. Nbd2 O-O-O 10. b4 Ng6 11. b5 Nce7 12. Qa4 Kb8 13. Ne5 Bxe5 14. dxe5
Bf5 15. Bf1 f6 16. e6 Qe8 17. g4 d4 18. gxf5 Nh4 19. cxd4 Nexf5 20. Bb2 Qh5 21.
Kh1 Nh6 22. f3 N6f5 23. e7 Rde8 24. Qb4 Ng6 25. d5 Ng3+ 26. Kg1 Nxf1 27. Nxf1
Nh4 28. d6 Nxf3+ 29. Kf2 Nxe1 30. dxc7+ Kc8 31. Rxe1 Qf5+ 32. Kg1 h5 33. Qd6
Qd7 34. Ba3 Qxd6 35. Bxd6 Kd7 36. Rd1 Rc8 37. Ng3 Ke6 38. Ne4 b6 39. a4 Rhe8
40. Kf2 h4 41. Kf3 g6 42. Bb4 Rxc7 43. Rd6+ Kxe7 44. Nxf6 Rc4 45. Rd4+ Rxb4 46.
Nd5+ Kd6 47. Nxb4+ Kc5 48. Rxh4 1-0

[Event "16th Dubai Open 2014"]
[Site "Dubai UAE"]
[Date "2014.04.12"]
[Round "5.36"]
[White "Saduakassova, Dinara"]
[Black "Marcos, Marvin"]
[Result "1-0"]
[WhiteElo "2342"]
[BlackElo "2111"]
[PlyCount "71"]
[EventDate "2014.04.07"]

1. d4 d5 2. c4 c6 3. Nf3 Nf6 4. e3 a6 5. b3 Bg4 6. Bd3 Nbd7 7. Bb2 e6 8. Nbd2
Bd6 9. Qc2 Qb8 10. h3 Bh5 11. O-O O-O 12. Ng5 Bg6 13. Bxg6 hxg6 14. e4 Bf4 15.
Ndf3 Bxg5 16. Nxg5 Nxe4 17. Nxe4 dxe4 18. Qxe4 Qd6 19. Rad1 Nf6 20. Qf3 Rfd8
21. Rfe1 Rd7 22. Rd3 Rad8 23. Rde3 b5 24. Bc3 Rc8 25. Re5 Rdd8 26. h4 bxc4 27.
bxc4 Nd7 28. Rg5 c5 29. d5 exd5 30. Rxd5 Qf8 31. h5 Nb6 32. Rxd8 Rxd8 33. h6 f6
34. hxg7 Qf7 35. Bxf6 Rd6 36. Qh3 1-0

[Event "16th Dubai Open 2014"]
[Site "Dubai UAE"]
[Date "2014.04.12"]
[Round "5.37"]
[White "Isaev, Jamshed"]
[Black "Al-Subaihi, Khalil"]
[Result "1-0"]
[WhiteElo "2331"]
[BlackElo "2099"]
[PlyCount "51"]
[EventDate "2014.04.07"]

1. e4 d5 2. exd5 Nf6 3. d4 Nxd5 4. Nf3 Bg4 5. c4 Nf6 6. Be3 e6 7. Nc3 Bd6 8. h3
Bh5 9. g4 Bg6 10. Qb3 Nbd7 11. c5 Be7 12. Qxb7 Rb8 13. Qxa7 Rxb2 14. Bb5 O-O
15. O-O Ne4 16. Qa3 Nxc3 17. Qxb2 Nxb5 18. Qxb5 f5 19. Qc6 fxg4 20. hxg4 Nf6
21. Ne5 Be4 22. Qxe6+ Kh8 23. g5 Qe8 24. gxf6 gxf6 25. f3 Ba8 26. Bh6 1-0

[Event "16th Dubai Open 2014"]
[Site "Dubai UAE"]
[Date "2014.04.12"]
[Round "5.38"]
[White "Siva, Mahadevan"]
[Black "Schneider, Veronika"]
[Result "1/2-1/2"]
[WhiteElo "2105"]
[BlackElo "2307"]
[PlyCount "70"]
[EventDate "2014.04.07"]

1. e4 c5 2. Nf3 e6 3. d4 cxd4 4. Nxd4 a6 5. c4 Nf6 6. Nc3 Qc7 7. a3 b6 8. Be3
Bb7 9. f3 Be7 10. Be2 O-O 11. O-O Re8 12. Qd2 d6 13. Rac1 Nbd7 14. Rfd1 Rac8
15. Bf1 h5 16. b4 h4 17. Qf2 Ne5 18. Na4 Nfd7 19. Nb3 Bd8 20. Be2 Bc6 21. b5
Bb7 22. bxa6 Bxa6 23. c5 Bxe2 24. cxb6 Qb7 25. Qxe2 Rxc1 26. Rxc1 Nxb6 27. Qb5
Qd7 28. Qxd7 Nexd7 29. Nxb6 Bxb6 30. Bxb6 Nxb6 31. Rc6 Rb8 32. Rxd6 Nc4 33. Rd3
Nb2 34. Rc3 Nd1 35. Rd3 Nb2 1/2-1/2

[Event "16th Dubai Open 2014"]
[Site "Dubai UAE"]
[Date "2014.04.12"]
[Round "5.39"]
[White "Gulamali, Kazim"]
[Black "Asmar, Elie"]
[Result "1/2-1/2"]
[WhiteElo "2293"]
[BlackElo "2062"]
[PlyCount "87"]
[EventDate "2014.04.07"]

1. Nf3 Nf6 2. d4 g6 3. c4 Bg7 4. g3 O-O 5. Bg2 d6 6. O-O Bg4 7. h3 Bxf3 8. Bxf3
Nc6 9. Nc3 Nd7 10. e3 e5 11. d5 Ne7 12. e4 a5 13. a3 f5 14. Rb1 Nc5 15. b4 axb4
16. axb4 Nxe4 17. Nxe4 fxe4 18. Bxe4 Nf5 19. h4 Nd4 20. h5 g5 21. Qg4 h6 22.
Be3 Qc8 23. Qxc8 Raxc8 24. Ra1 Ra8 25. c5 Kf7 26. Kg2 Ke7 27. Rfe1 Rxa1 28.
Rxa1 Kd7 29. Ra7 Rb8 30. Kh3 Bf8 31. Bxd4 exd4 32. c6+ bxc6 33. dxc6+ Ke6 34.
Rxc7 Rxb4 35. Rd7 Rc4 36. g4 d3 37. Bf5+ Kf6 38. Bxd3 Rxc6 39. Kg2 Be7 40. Rb7
d5 41. Rb8 Bc5 42. Bg6 Ke5 43. Re8+ Re6 44. Rxe6+ 1/2-1/2

[Event "16th Dubai Open 2014"]
[Site "Dubai UAE"]
[Date "2014.04.12"]
[Round "6.1"]
[White "Edouard, Romain"]
[Black "Akopian, Vladimir"]
[Result "1-0"]
[WhiteElo "2670"]
[BlackElo "2674"]
[PlyCount "147"]
[EventDate "2014.04.07"]

1. e4 c5 2. Nf3 e6 3. d4 cxd4 4. Nxd4 a6 5. Bd3 Nf6 6. O-O Qc7 7. Qe2 d6 8. c4
g6 9. Nc3 Bg7 10. Rd1 O-O 11. Nf3 Nbd7 12. h3 b6 13. Be3 Bb7 14. Rac1 Nc5 15.
Bf4 Nh5 16. Bg5 h6 17. Be3 Kh7 18. b4 Nxd3 19. Qxd3 Rad8 20. Na4 Qc6 21. Nc3
Nf6 22. Nd4 Qc7 23. Nde2 Nd7 24. f4 f5 25. Nd4 fxe4 26. Qd2 Rfe8 27. Na4 e5 28.
Ne2 Qc6 29. Nb2 exf4 30. Nxf4 Ne5 31. Nd5 b5 32. cxb5 Qxd5 33. Qxd5 Bxd5 34.
Rxd5 axb5 35. Rxb5 d5 36. Rc7 Kg8 37. Rbb7 Bh8 38. Bxh6 d4 39. Bg7 e3 40. Bxh8
e2 41. Kf2 d3 42. Bxe5 Rf8+ 43. Rf7 Rxf7+ 44. Rxf7 Kxf7 45. Bg3 Rd5 46. a4 Ke6
47. a5 Kf5 48. a6 Ke4 49. a7 Rf5+ 50. Ke1 Rf1+ 51. Kd2 Ra1 52. Nxd3 Ra2+ 53.
Kc3 Rxa7 54. Nf2+ Ke3 55. Ng4+ Ke4 56. Nf2+ Ke3 57. Ng4+ Ke4 58. Kd2 Ra2+ 59.
Ke1 Kd3 60. Ne5+ Ke3 61. Bf2+ Ke4 62. Nd7 Kd3 63. Nc5+ Kc4 64. b5 Kxb5 65. Ne6
Kc4 66. Nf4 g5 67. Nxe2 Rb2 68. Kf1 Kd3 69. Ng1 Rb1+ 70. Be1 Ke3 71. Nf3 Kf4
72. Kf2 g4 73. Bd2+ Kf5 74. Nh4+ 1-0

[Event "16th Dubai Open 2014"]
[Site "Dubai UAE"]
[Date "2014.04.12"]
[Round "6.3"]
[White "Lupulescu, Constantin"]
[Black "Bogner, Sebastian"]
[Result "0-1"]
[WhiteElo "2660"]
[BlackElo "2587"]
[PlyCount "48"]
[EventDate "2014.04.07"]

1. e4 c5 2. Nf3 d6 3. c3 Nf6 4. Be2 Bg4 5. O-O e6 6. h3 Bh5 7. d4 cxd4 8. cxd4
d5 9. Bb5+ Nc6 10. Qa4 Bxf3 11. Bxc6+ bxc6 12. Qxc6+ Nd7 13. gxf3 Rc8 14. Qa4
Rxc1 15. Nc3 Rxa1 16. Rxa1 dxe4 17. d5 Qg5+ 18. Kf1 exf3 19. dxe6 Qg2+ 20. Ke1
Qg1+ 21. Kd2 Qxf2+ 22. Kd3 fxe6 23. Rd1 Bd6 24. Rd2 Qb6 0-1

[Event "16th Dubai Open 2014"]
[Site "Dubai UAE"]
[Date "2014.04.12"]
[Round "6.4"]
[White "Andriasian, Zaven"]
[Black "Kuzubov, Yuriy"]
[Result "1/2-1/2"]
[WhiteElo "2603"]
[BlackElo "2639"]
[PlyCount "61"]
[EventDate "2014.04.07"]

1. e4 c5 2. Nf3 Nc6 3. Bb5 e6 4. Bxc6 bxc6 5. d3 Ne7 6. Qe2 d5 7. e5 Ng6 8. h4
h5 9. Nbd2 a5 10. Nf1 c4 11. d4 c3 12. bxc3 Ba6 13. Qe3 Rc8 14. Ng5 c5 15. Qf3
Qc7 16. Rb1 cxd4 17. cxd4 Bb4+ 18. Bd2 Bxf1 19. Bxb4 Bxg2 20. Qxg2 axb4 21. Qf3
Qe7 22. Qe2 Rc4 23. c3 f6 24. Qc2 Nf4 25. exf6 gxf6 26. Nh3 Nxh3 27. Rxh3 Rg8
28. Qa4+ Kf7 29. Rxb4 Rg1+ 30. Ke2 Rxb4 31. Qxb4 1/2-1/2

[Event "16th Dubai Open 2014"]
[Site "Dubai UAE"]
[Date "2014.04.12"]
[Round "6.5"]
[White "Bachmann, Axel"]
[Black "Iturrizaga Bonelli, Eduardo"]
[Result "1/2-1/2"]
[WhiteElo "2598"]
[BlackElo "2635"]
[PlyCount "63"]
[EventDate "2014.04.07"]

1. d4 d5 2. c4 c6 3. Nf3 Nf6 4. cxd5 cxd5 5. Nc3 Nc6 6. Bf4 Bf5 7. e3 e6 8. Bd3
Bxd3 9. Qxd3 Bd6 10. Bxd6 Qxd6 11. O-O O-O 12. Rac1 Rac8 13. h3 h6 14. Ne2 Ne7
15. Rxc8 Rxc8 16. Rc1 Rxc1+ 17. Nxc1 Qc7 18. Ne2 a6 19. Qc3 Qxc3 20. Nxc3 Nc6
21. Kf1 Kf8 22. Ke2 Ke7 23. Kd3 Kd6 24. Nd2 Nd7 25. f4 f5 26. Nf3 b5 27. Ne5
Ndxe5+ 28. dxe5+ Kc5 29. Ne2 g6 30. a3 a5 31. Nd4 Nxd4 32. exd4+ 1/2-1/2

[Event "16th Dubai Open 2014"]
[Site "Dubai UAE"]
[Date "2014.04.12"]
[Round "6.6"]
[White "Gupta, Abhijeet"]
[Black "Kotsur, Pavel"]
[Result "1-0"]
[WhiteElo "2630"]
[BlackElo "2557"]
[PlyCount "105"]
[EventDate "2014.04.07"]

1. d4 Nf6 2. c4 b6 3. Nc3 Bb7 4. d5 e6 5. a3 Bd6 6. Nf3 O-O 7. g3 Ba6 8. dxe6
dxe6 9. Nb5 Bb7 10. Bg2 a6 11. Nxd6 cxd6 12. Bg5 Nc6 13. O-O Rc8 14. b4 h6 15.
Bh4 Qe7 16. Qd2 Rfd8 17. Qe3 Rb8 18. Bxf6 Qxf6 19. Rad1 Ne7 20. Rd2 Ng6 21.
Rfd1 Bxf3 22. exf3 Ne5 23. Rd4 b5 24. cxb5 axb5 25. Rxd6 Rxd6 26. Rxd6 Nc4 27.
Qa7 Qa1+ 28. Bf1 Rc8 29. Rd3 Ne5 30. Re3 Rc1 31. Qb8+ Kh7 32. Qxb5 Nc4 33. Re1
Rxe1 34. Qxc4 Qxa3 35. Kg2 Qc1 36. Qd3+ f5 37. b5 Qc5 38. Qb3 Qb6 39. Bc4 Re5
40. h4 h5 41. Qd3 Qc5 42. Qb3 Qb6 43. Qd3 Qc5 44. Qb3 Qb6 45. Qb2 Rc5 46. Qe2
Qd6 47. f4 g6 48. Bxe6 Qc7 49. Qd3 Qb7+ 50. Kh2 Rxb5 51. Qd8 Kg7 52. Qg8+ Kf6
53. Bc4 1-0

[Event "16th Dubai Open 2014"]
[Site "Dubai UAE"]
[Date "2014.04.12"]
[Round "6.7"]
[White "Rakhmanov, Aleksandr"]
[Black "Ghaem Maghami, Ehsan"]
[Result "1/2-1/2"]
[WhiteElo "2610"]
[BlackElo "2556"]
[PlyCount "63"]
[EventDate "2014.04.07"]

1. Nf3 c5 2. b3 Nf6 3. Bb2 e6 4. g3 b6 5. Bg2 Bb7 6. d3 d5 7. Nbd2 Be7 8. O-O
O-O 9. Re1 Nc6 10. e4 d4 11. e5 Nd5 12. h4 Qc7 13. Qe2 b5 14. Ng5 Nc3 15. Bxc3
dxc3 16. Ndf3 h6 17. Nh3 Rfd8 18. Nf4 a6 19. a3 Rac8 20. Qe3 a5 21. Ne2 a4 22.
bxa4 b4 23. Qf4 Ra8 24. g4 Ra6 25. g5 hxg5 26. hxg5 g6 27. Nh2 Nd4 28. Ng4 Nf5
29. Ng3 Rxa4 30. Bxb7 Qxb7 31. Nxf5 gxf5 32. Nf6+ 1/2-1/2

[Event "16th Dubai Open 2014"]
[Site "Dubai UAE"]
[Date "2014.04.12"]
[Round "6.8"]
[White "Ismagambetov, Anuar"]
[Black "Stevic, Hrvoje"]
[Result "1/2-1/2"]
[WhiteElo "2493"]
[BlackElo "2607"]
[PlyCount "109"]
[EventDate "2014.04.07"]

1. e4 e5 2. Nf3 Nc6 3. Bb5 g6 4. d4 exd4 5. Bg5 Be7 6. Bxe7 Qxe7 7. Bxc6 dxc6
8. Qxd4 Nf6 9. Nc3 Bg4 10. Nd2 c5 11. Qe3 O-O-O 12. h3 Bd7 13. O-O-O Bc6 14.
Rhe1 Rhe8 15. f3 b6 16. Qg5 Nh5 17. Qxe7 Rxe7 18. Nc4 Rxd1+ 19. Kxd1 Nf4 20.
Ne3 f5 21. exf5 gxf5 22. Ne2 Rd7+ 23. Kc1 Nxe2+ 24. Rxe2 f4 25. Ng4 Bb5 26. Re4
Bf1 27. Rxf4 Bxg2 28. h4 Rd4 29. Rf8+ Rd8 30. Rf7 Rd7 31. Rf8+ Rd8 32. Rxd8+
Kxd8 33. f4 Ke7 34. Kd2 Be4 35. c3 Ke6 36. Ne3 a5 37. a3 b5 38. Ke2 h5 39. Kd2
a4 40. c4 b4 41. Nf1 Kf5 42. Ng3+ Kxf4 43. Nxh5+ Ke5 44. Ke3 Bg6 45. Nf4 Bf7
46. Nd5 Kd6 47. Kd3 Bg6+ 48. Kd2 Bf7 49. Kd3 Bg6+ 50. Ke3 Bf7 51. Kd2 Ke5 52.
axb4 Bxd5 53. cxd5 cxb4 54. h5 Kf5 55. Kd3 1/2-1/2

[Event "16th Dubai Open 2014"]
[Site "Dubai UAE"]
[Date "2014.04.12"]
[Round "6.9"]
[White "Rahman, Ziaur"]
[Black "Istratescu, Andrei"]
[Result "1-0"]
[WhiteElo "2513"]
[BlackElo "2667"]
[PlyCount "143"]
[EventDate "2014.04.07"]

1. d4 g6 2. e4 Bg7 3. Nc3 c6 4. Nf3 d6 5. Be3 Qb6 6. a3 Bg4 7. Bc4 e6 8. Bb3 d5
9. Qd2 Bxf3 10. gxf3 Nd7 11. O-O-O Ngf6 12. Kb1 O-O-O 13. Qe2 Qc7 14. Bg5 Rde8
15. Qd2 Nb6 16. a4 Nh5 17. a5 Nd7 18. a6 b5 19. Na2 Bf8 20. Qe1 Bd6 21. Bd2 Qb6
22. Bb4 Bc7 23. Nc1 Qxa6 24. Ba2 Kb8 25. Rd3 Qb7 26. Ra3 Rc8 27. Nb3 Ka8 28.
Qc3 Bb8 29. Re1 Nhf6 30. Re3 Ne8 31. e5 Bc7 32. Bc5 Bb6 33. Bxb6 Qxb6 34. Qb4
Rc7 35. Rc3 Ng7 36. Nc5 Nxc5 37. Rxc5 Nf5 38. Ka1 Kb7 39. Bb1 Ra8 40. c3 a5 41.
Qb3 Ne7 42. Bd3 Kc8 43. Qd1 a4 44. b4 Kd7 45. Qd2 Qb8 46. Kb2 Qf8 47. Ra1 Rb8
48. Qf4 Qg7 49. Re1 Rcc8 50. Qh4 Rf8 51. f4 f6 52. Qg4 fxe5 53. Rxe5 Rf6 54.
Qg3 Qf7 55. f5 gxf5 56. Rexd5+ exd5 57. Qxb8 Qe6 58. Bxb5 Qd6 59. Qa7+ Ke8 60.
Bxa4 Kf7 61. Bxc6 Kg6 62. b5 Re6 63. Qd7 Re2+ 64. Kb3 Qf4 65. Bxd5 Kg5 66. Bc4
Re1 67. Bd3 Qxf2 68. Qc7 Qd2 69. Qg3+ Kf6 70. Re5 Rxe5 71. Qxe5+ Kf7 72. Bxf5
1-0